[Event "Florianopolis op 10th"]
[Site "Florianopolis"]
[Date "2024.01.24"]
[Round "6"]
[White "Zabala, Antonio Murara"]
[Black "Lima, Vinicius Taishun"]
[Result "1/2-1/2"]
[WhiteElo "1797"]
[BlackElo "2047"]
[PlyCount "55"]
[EventDate "2024.01.20"]
[EventType "swiss"]
[EventRounds "10"]
[EventCountry "BRA"]
[SourceTitle "CB05_2024"]
[SourceDate "2024.01.31"]
[SourceVersion "1"]
[SourceVersionDate "2024.01.31"]
[SourceQuality "1"]

1. e4 c5 2. Nf3 d6 3. d4 cxd4 4. Nxd4 Nf6 5. Nc3 Nc6 6. Bg5 e6 7. Qd2 a6 8. 0-0-0 Bd7 9. Nb3 Be7 10. Kb1 b5 11. f4 b4 12. Bxf6 gxf6 13. Ne2 Qb6 14. Ned4 0-0-0 15. g3 e5 16. Nxc6 Bxc6 17. Bh3+ Kb8 18. Qe2 a5 19. Rhe1 h5 20. Bg2 a4 21. Nd2 Bb5 22. Qf3 Qc5 23. Nf1 Rc8 24. Ne3 a3 25. Rd5 Qc6 26. Bf1 Ba4 27. Bd3 axb2 28. Qe2 1/2-1/2

[Event "Florianopolis op 10th"]
[Site "Florianopolis"]
[Date "2024.01.22"]
[Round "3"]
[White "Piccoli, Lucas Fonseca"]
[Black "Lima, Vinicius Taishun"]
[Result "1-0"]
[WhiteElo "2263"]
[BlackElo "2047"]
[PlyCount "85"]
[EventDate "2024.01.20"]
[EventType "swiss"]
[EventRounds "10"]
[EventCountry "BRA"]
[SourceTitle "CB05_2024"]
[SourceDate "2024.01.31"]
[SourceVersion "1"]
[SourceVersionDate "2024.01.31"]
[SourceQuality "1"]

1. c4 c5 2. Nf3 Nc6 3. d4 cxd4 4. Nxd4 g6 5. e4 Bg7 6. Be3 Nf6 7. Nc3 d6 8. Be2 0-0 9. 0-0 Bd7 10. h3 Nxd4 11. Bxd4 Bc6 12. Qc2 a5 13. b3 Rc8 14. Rfd1 Qc7 15. Rac1 Bh6 16. Rb1 e5 17. Be3 Bxe3 18. fxe3 b5 19. Rf1 Kg7 20. Bd3 b4 21. Ne2 Nd7 22. Ng3 Nc5 23. Be2 Qe7 24. Kh2 Qg5 25. Rbe1 Rh8 26. Rf3 Qh4 27. Ref1 Rhf8 28. Rf6 Bxe4 29. Qd1 Rcd8 30. Rxd6 Bxg2 31. Kxg2 Rxd6 32. Qxd6 Qxg3+ 33. Kxg3 Ne4+ 34. Kf3 Nxd6 35. c5 Nb7 36. c6 Nd8 37. Rc1 Ne6 38. Ke4 Kf6 39. Rf1+ Ke7 40. Kxe5 Rd8 41. Bc4 Rd6 42. Rxf7+ Kxf7 43. Kxd6 1-0

[Event "Pocos de Caldas op"]
[Site "Pocos de Caldas"]
[Date "2022.03.13"]
[Round "5"]
[White "Haraguchi, Diego Sashaki"]
[Black "Lima, Vinicius Taishun"]
[Result "1/2-1/2"]
[WhiteElo "1939"]
[BlackElo "2026"]
[PlyCount "62"]
[EventDate "2022.03.11"]
[EventType "swiss"]
[EventRounds "6"]
[EventCountry "BRA"]
[SourceTitle "CBM 207 Extra"]
[Source "ChessBase"]
[SourceDate "2022.05.31"]
[SourceVersion "1"]
[SourceVersionDate "2022.05.31"]
[SourceQuality "1"]

1. e4 c5 2. Nf3 Nc6 3. d4 cxd4 4. Nxd4 g6 5. c4 Bg7 6. Be3 d6 7. Nc3 Nf6 8. Be2 0-0 9. 0-0 Bd7 10. f3 Nxd4 11. Bxd4 a5 12. Qd2 Bc6 13. Rac1 Nd7 14. Be3 Nc5 15. Rfd1 a4 16. Nd5 Bxd5 17. cxd5 Qb6 18. Rc2 Qa5 19. Qxa5 Rxa5 20. Bd4 Bxd4+ 21. Rxd4 Rb8 22. Rc3 b5 23. a3 Ra7 24. Kf2 Rab7 25. Rb4 Na6 26. Rd4 Nc5 27. Rb4 Kf8 28. g4 g5 29. Kg3 Na6 30. Rd4 Nc5 31. Rb4 Na6 1/2-1/2

[Event "Pocos de Caldas op"]
[Site "Pocos de Caldas"]
[Date "2022.03.12"]
[Round "3"]
[White "Molina, Roberto Junio Brito"]
[Black "Lima, Vinicius Taishun"]
[Result "1-0"]
[WhiteElo "2401"]
[BlackElo "2026"]
[PlyCount "111"]
[EventDate "2022.03.11"]
[EventType "swiss"]
[EventRounds "6"]
[EventCountry "BRA"]
[SourceTitle "CBM 207 Extra"]
[Source "ChessBase"]
[SourceDate "2022.05.31"]
[SourceVersion "1"]
[SourceVersionDate "2022.05.31"]
[SourceQuality "1"]

1. d4 Nf6 2. c4 c5 3. Nf3 cxd4 4. Nxd4 Nc6 5. Nc3 g6 6. e4 d6 7. Be2 Bg7 8. Be3 0-0 9. 0-0 Bd7 10. Qd2 Nxd4 11. Bxd4 Bc6 12. f3 a5 13. b3 Nd7 14. Be3 Nc5 15. Rab1 f5 16. exf5 Rxf5 17. f4 Rf8 18. Rbd1 Qc8 19. Nd5 Bxd5 20. Qxd5+ Kh8 21. Bf3 Rf5 22. Qd2 Qc7 23. Bg4 Rf7 24. f5 gxf5 25. Rxf5 Raf8 26. Rxf7 Rxf7 27. Qd5 Rf8 28. Qh5 Ne4 29. Bf5 Nf6 30. Qh4 a4 31. Qe1 e6 32. Bd3 e5 33. h3 e4 34. Be2 axb3 35. axb3 Nd7 36. Qd2 Be5 37. Bd4 Rf6 38. Qe3 Qc6 39. Bxe5 Nxe5 40. Rd4 Qc5 41. Rxe4 Qxe3+ 42. Rxe3 Kg7 43. Bf3 Nxf3+ 44. Rxf3 Re6 45. Kf2 Re5 46. Rd3 Re6 47. Re3 Rf6+ 48. Ke2 Rf7 49. Rg3+ Kh8 50. Ke3 b5 51. Kd4 bxc4 52. Kxc4 Rf5 53. b4 d5+ 54. Kc5 Rf4 55. b5 d4 56. Rb3 1-0

[Event "Florianopolis op 8th"]
[Site "Florianopolis"]
[Date "2022.01.27"]
[Round "5"]
[White "Silva, Kaua Marques"]
[Black "Lima, Vinicius Taishun"]
[Result "1-0"]
[WhiteElo "2170"]
[BlackElo "1952"]
[PlyCount "95"]
[EventDate "2022.01.24"]
[EventType "swiss"]
[EventRounds "10"]
[EventCountry "BRA"]
[SourceTitle "CBM 206 Extra"]
[Source "ChessBase"]
[SourceDate "2022.03.31"]
[SourceVersion "1"]
[SourceVersionDate "2022.03.31"]
[SourceQuality "1"]

1. d4 Nf6 2. Nc3 d5 3. Bf4 c6 4. e3 Bf5 5. Be2 e6 6. g4 Bg6 7. h4 h5 8. g5 Ne4 9. Nxe4 Bxe4 10. Rh2 Qb6 11. Qc1 Nd7 12. Nf3 Bxf3 13. Bxf3 g6 14. c3 Bg7 15. Be2 e5 16. Bg3 Rc8 17. a4 a5 18. Qd2 0-0 19. Kf1 exd4 20. exd4 c5 21. Rd1 cxd4 22. cxd4 Rfe8 23. Bb5 Re7 24. f3 Nf8 25. Qf4 Rec7 26. Qe3 Rc2 27. Rxc2 Rxc2 28. Qb3 Rc8 29. Bc4 Qxb3 30. Bxb3 Ne6 31. Bf2 Rd8 32. Be3 Kf8 33. Ke2 Ke8 34. Kd3 Rd6 35. Kc2 f5 36. Kb1 Kd8 37. Bf2 Rd7 38. Bc2 Ke7 39. Bd3 Rc7 40. Bb5 Rc8 41. Bf1 Ke8 42. Rd3 Rc4 43. Rb3 Rb4 44. Bb5+ Kd8 45. Re3 Nc7 46. Be1 Rxd4 47. Bxa5 Kc8 48. Bxc7 1-0

[Event "BRA-ch 87th"]
[Site "Cuiaba"]
[Date "2021.10.31"]
[Round "5"]
[White "Lima, Vinicius Taishun"]
[Black "Cavalcante, Rodrigo Moreira"]
[Result "1-0"]
[WhiteElo "1788"]
[BlackElo "1964"]
[PlyCount "61"]
[EventDate "2021.10.28"]
[EventType "swiss"]
[EventRounds "11"]
[EventCountry "BRA"]
[SourceTitle "CBM 205 Extra"]
[Source "ChessBase"]
[SourceDate "2022.01.31"]
[SourceVersion "1"]
[SourceVersionDate "2022.01.31"]
[SourceQuality "1"]

1. e4 e5 2. d4 exd4 3. Bc4 Nc6 4. Nf3 Bb4+ 5. c3 dxc3 6. bxc3 Ba5 7. 0-0 d6 8. h3 Nf6 9. Re1 0-0 10. Qc2 Ne5 11. Nxe5 dxe5 12. Ba3 Re8 13. Rd1 Nd7 14. Nd2 Qf6 15. Nf3 Bb6 16. Qa4 Rd8 17. Rd2 Kh8 18. Rad1 c6 19. Rd6 Qf4 20. Qc2 f6 21. Bc1 Qg3 22. Kf1 Qg6 23. Nxe5 fxe5 24. Rxg6 hxg6 25. Qe2 Rf8 26. f3 Nf6 27. Qe1 Nh5 28. Qh4 Kh7 29. Ke2 Bc5 30. g4 Bxg4 31. hxg4 1-0

[Event "BRA-ch 87th"]
[Site "Cuiaba"]
[Date "2021.10.28"]
[Round "1"]
[White "Lima, Vinicius Taishun"]
[Black "Rodrigues, Edgar"]
[Result "0-1"]
[WhiteElo "1788"]
[BlackElo "2339"]
[PlyCount "82"]
[EventDate "2021.10.28"]
[EventType "swiss"]
[EventRounds "11"]
[EventCountry "BRA"]
[SourceTitle "CBM 205 Extra"]
[Source "ChessBase"]
[SourceDate "2022.01.31"]
[SourceVersion "1"]
[SourceVersionDate "2022.01.31"]
[SourceQuality "1"]

1. e4 e6 2. d4 d5 3. Nc3 Nf6 4. e5 Nfd7 5. f4 c5 6. Nf3 Nc6 7. Be3 a6 8. Qd2 b5 9. dxc5 Bxc5 10. Bd3 Qb6 11. Bf2 0-0 12. 0-0 f6 13. exf6 Nxf6 14. h3 Bb7 15. a3 Rae8 16. Rae1 Bxf2+ 17. Qxf2 Qc7 18. Qh4 g6 19. Qg5 Qg7 20. Rf2 Nh5 21. Ne5 Rf6 22. Ng4 Rff8 23. Ne5 b4 24. Na4 bxa3 25. bxa3 Nd4 26. Nc5 Bc8 27. a4 Nf6 28. g4 Nd7 29. Nexd7 Bxd7 30. c3 Nc6 31. Nxd7 Qxd7 32. Bxa6 Qg7 33. Rf3 Qa7+ 34. Rfe3 Qxa6 35. f5 e5 36. fxg6 Re6 37. gxh7+ Kxh7 38. Qh5+ Rh6 39. Qg5 Qxa4 40. Rxe5 Nxe5 41. Qxe5 Qa7+ 0-1

[Event "BRA-ch U16"]
[Site "Florianopolis"]
[Date "2021.07.03"]
[Round "5"]
[White "De Carvalho, Vitor Augusto Ponci"]
[Black "Lima, Vinicius Taishun"]
[Result "0-1"]
[WhiteElo "1627"]
[BlackElo "1802"]
[PlyCount "114"]
[EventDate "2021.07.01"]
[EventType "swiss"]
[EventRounds "6"]
[EventCountry "BRA"]
[SourceTitle "CBM 203 Extra"]
[Source "ChessBase"]
[SourceDate "2021.09.30"]
[SourceVersion "1"]
[SourceVersionDate "2021.09.30"]
[SourceQuality "1"]

1. d4 Nf6 2. c4 c5 3. d5 b5 4. cxb5 a6 5. b6 e6 6. Nc3 Nxd5 7. Nxd5 exd5 8. Qxd5 Nc6 9. Nf3 Rb8 10. Ne5 Qf6 11. Nxc6 dxc6 12. Qe4+ Be7 13. Qf4 Qxf4 14. Bxf4 Rxb6 15. Be5 0-0 16. e4 Re8 17. 0-0-0 Bg5+ 18. f4 Rxe5 19. fxg5 Kf8 20. Rd8+ Re8 21. Rxe8+ Kxe8 22. Bc4 Ke7 23. Rf1 Be6 24. Bxe6 fxe6 25. Rf4 Rb4 26. Rh4 Kf7 27. Kc2 Kg6 28. Kc3 e5 29. b3 Rd4 30. Kc2 c4 31. bxc4 Rxc4+ 32. Kb3 Rd4 33. Rh3 a5 34. Rc3 a4+ 35. Kc2 Kxg5 36. Rxc6 g6 37. g3 Rxe4 38. Kd3 Rd4+ 39. Ke3 Rb4 40. Ra6 Kg4 41. Ra7 h5 42. Ra6 g5 43. Ra5 e4 44. Re5 h4 45. gxh4 gxh4 46. Rxe4+ Rxe4+ 47. Kxe4 Kh3 48. Kf4 Kxh2 49. Kf3 h3 50. Kf2 a3 51. Kf1 Kg3 52. Kg1 Kf3 53. Kh2 Ke2 54. Kxh3 Kd2 55. Kg2 Kc2 56. Kf2 Kb2 57. Ke2 Kxa2 0-1

[Event "Sao Paulo Carnaval op"]
[Site "Sao Paulo"]
[Date "2020.02.24"]
[Round "6"]
[White "Lima, Vinicius Taishun"]
[Black "Flores, Clarice Soares Leit"]
[Result "1-0"]
[WhiteElo "1788"]
[BlackElo "1450"]
[PlyCount "81"]
[EventDate "2020.02.22"]
[EventType "swiss"]
[EventRounds "7"]
[EventCountry "BRA"]
[SourceTitle "CBM 195 Extra"]
[Source "ChessBase"]
[SourceDate "2020.05.31"]
[SourceVersion "1"]
[SourceVersionDate "2020.05.31"]
[SourceQuality "1"]

1. e4 c5 2. Nf3 g6 3. d4 cxd4 4. Nxd4 Nc6 5. f4 Bg7 6. Nf3 d6 7. Bd3 Nf6 8. 0-0 0-0 9. Nc3 b6 10. Qe1 Nb4 11. Qh4 Nxd3 12. cxd3 e6 13. g4 Nd7 14. Qg3 Nc5 15. Rd1 Ba6 16. Ng5 h6 17. Nh3 Bd4+ 18. Be3 Bg7 19. Nf2 d5 20. exd5 exd5 21. d4 Ne6 22. f5 Nc7 23. Bf4 Nb5 24. Nxb5 Bxb5 25. Be5 Re8 26. Nd3 Bxd3 27. Rxd3 Rc8 28. Rd2 Qg5 29. Bf4 Qe7 30. Rdd1 Qb4 31. Qf2 Re4 32. a3 Qxd4 33. Bg3 Qxb2 34. Qf3 Bd4+ 35. Kh1 Qb3 36. Qf1 Rxg4 37. Rac1 Qxa3 38. Rxc8+ Kg7 39. Rxd4 Re4 40. Rxe4 dxe4 41. fxg6 1-0

[Event "Sao Paulo Carnaval op"]
[Site "Sao Paulo"]
[Date "2020.02.22"]
[Round "2"]
[White "Lima, Vinicius Taishun"]
[Black "Rodrigues, Leonardo De Miranda"]
[Result "0-1"]
[WhiteElo "1788"]
[BlackElo "2134"]
[PlyCount "82"]
[EventDate "2020.02.22"]
[EventType "swiss"]
[EventRounds "7"]
[EventCountry "BRA"]
[SourceTitle "CBM 195 Extra"]
[Source "ChessBase"]
[SourceDate "2020.05.31"]
[SourceVersion "1"]
[SourceVersionDate "2020.05.31"]
[SourceQuality "1"]

1. e4 d6 2. d4 Nf6 3. Nc3 Nbd7 4. Bc4 e5 5. Nf3 Be7 6. h3 0-0 7. 0-0 c6 8. Qe2 b5 9. Bb3 a5 10. dxe5 dxe5 11. a4 b4 12. Na2 Qc7 13. Bg5 Nc5 14. Bxf6 Bxf6 15. Rfd1 Ne6 16. Nc1 c5 17. Bc4 Nf4 18. Qe3 Be6 19. Bxe6 Nxe6 20. Ne2 Nd4 21. Nexd4 exd4 22. Qe2 Rfe8 23. b3 d3 24. cxd3 Bxa1 25. Rxa1 Rad8 26. Rc1 Qd6 27. Ne1 f5 28. Rc4 fxe4 29. dxe4 Qd1 30. Kf1 Qxe2+ 31. Kxe2 Rd4 32. Rxd4 cxd4 33. Kd3 Rc8 34. e5 Rc3+ 35. Kxd4 Rxb3 36. Nd3 Kf7 37. Nc5 Rb2 38. Kd5 Rxf2 39. Ne4 b3 40. Kd6 b2 41. Kd7 b1Q 0-1

[Event "Florianopolis op 6th"]
[Site "Florianopolis"]
[Date "2020.01.20"]
[Round "1"]
[White "Lima, Vinicius Taishun"]
[Black "Metidieri, Diogenes Galavotti"]
[Result "1-0"]
[WhiteElo "1658"]
[BlackElo "1245"]
[PlyCount "69"]
[EventDate "2020.01.20"]
[EventType "swiss"]
[EventRounds "10"]
[EventCountry "BRA"]
[SourceTitle "CBM 194 Extra"]
[Source "ChessBase"]
[SourceDate "2020.03.31"]
[SourceVersion "1"]
[SourceVersionDate "2020.03.31"]
[SourceQuality "1"]

1. e4 e6 2. d3 d5 3. Nd2 d4 4. Ngf3 Bc5 5. g3 Nc6 6. Bg2 Nf6 7. 0-0 0-0 8. e5 Ng4 9. Re1 f6 10. exf6 Qxf6 11. Ne4 Qe7 12. Bg5 Nf6 13. h4 h6 14. Nxf6+ gxf6 15. Bxh6 Rf7 16. Nh2 Bd7 17. Ng4 Bb4 18. Bd2 Rg7 19. Nh6+ Kf8 20. Nf5 Bxd2 21. Nxe7 Bxe1 22. Nxc6 bxc6 23. Qxe1 Rb8 24. a3 e5 25. Qa5 Rb7 26. Qc5+ Re7 27. Bxc6 Bxc6 28. Qxc6 Rb6 29. Qe4 a5 30. h5 Rf7 31. Kg2 Re6 32. Rh1 f5 33. Qd5 f4 34. Qxe6 f3+ 35. Kh3 1-0

[Event "Varandas Igarata op 1st"]
[Site "Sao Paulo"]
[Date "2019.12.28"]
[Round "3"]
[White "Lima, Vinicius Taishun"]
[Black "Dos Santos, Lucas Aparecido"]
[Result "0-1"]
[WhiteElo "1815"]
[BlackElo "2015"]
[PlyCount "74"]
[EventDate "2019.12.27"]
[EventType "swiss"]
[EventRounds "5"]
[EventCountry "BRA"]
[SourceTitle "EXT 2021"]
[Source "ChessBase"]
[SourceDate "2020.10.23"]
[SourceVersion "1"]
[SourceVersionDate "2020.10.23"]
[SourceQuality "1"]

1. e4 c5 2. Nf3 d6 3. d4 cxd4 4. Nxd4 Nf6 5. Nc3 a6 6. f4 e6 7. Nf3 b5 8. a3 Bb7 9. Bd3 Be7 10. 0-0 Nbd7 11. Qe1 Nc5 12. f5 e5 13. Bd2 0-0 14. Rd1 Re8 15. h3 d5 16. Nxe5 dxe4 17. Nxf7 Kxf7 18. Be2 Ncd7 19. Be3 Qc7 20. Kh1 Rad8 21. Bf4 Qc6 22. Qg3 Nb6 23. Bc7 Rxd1 24. Rxd1 Nc4 25. Bxc4+ Qxc4 26. Qe5 Bd8 27. b3 Rxe5 28. bxc4 Bxc7 29. g4 e3+ 30. Kg1 e2 31. Re1 Bb6+ 32. Kh2 Bd4 33. Nb1 Bf2 34. Rxe2 Rxe2 35. cxb5 Bh4+ 36. Kg1 Re1+ 37. Kh2 Rh1# 0-1

[Event "BRA-ch Amateur U1800"]
[Site "Sao Paulo"]
[Date "2019.06.22"]
[Round "6"]
[White "Jenidarchiche, Douglas Rodrigo"]
[Black "Lima, Vinicius Taishun"]
[Result "1/2-1/2"]
[WhiteElo "1737"]
[BlackElo "1703"]
[PlyCount "153"]
[EventDate "2019.06.20"]
[EventType "swiss"]
[EventRounds "7"]
[EventCountry "BRA"]
[SourceTitle "CBM 195 Extra"]
[Source "ChessBase"]
[SourceDate "2020.05.31"]
[SourceVersion "1"]
[SourceVersionDate "2020.05.31"]
[SourceQuality "1"]

1. d4 d5 2. c4 Bf5 3. Nc3 e6 4. Bf4 Nf6 5. Nf3 c6 6. e3 Nbd7 7. Be2 Be7 8. 0-0 0-0 9. h3 h6 10. a3 Ne4 11. cxd5 cxd5 12. Rc1 Rc8 13. Qa4 a6 14. Nxe4 Bxe4 15. Nd2 Bh7 16. Qb3 Qb6 17. Bc7 Qa7 18. Rc3 b5 19. Rfc1 Qb7 20. Nf3 Rfe8 21. Ne1 Nf8 22. f3 Nd7 23. Bd3 Bxd3 24. Nxd3 Bg5 25. f4 Be7 26. Qc2 Nf6 27. Ba5 Rc4 28. Ne5 Rxc3 29. Qxc3 Ra8 30. Nd3 Ne4 31. Qc6 Qxc6 32. Rxc6 g6 33. g4 Kg7 34. Kg2 Ra7 35. Kf3 Ra8 36. b4 Nd2+ 37. Ke2 Nc4 38. Nc5 Nxa3 39. Nxa6 Nc4 40. Bc7 Kg8 41. Bb8 Kg7 42. f5 gxf5 43. gxf5 exf5 44. Bf4 Bg5 45. Kf3 Nd2+ 46. Ke2 Nc4 47. Kf3 Nd2+ 48. Kg3 Ne4+ 49. Kg2 Bxf4 50. exf4 Ra7 51. Rb6 Nc3 52. Kf3 Re7 53. Nc5 Re1 54. Nd7 Re6 55. Rb8 Rd6 56. Ne5 Ra6 57. Rb7 Rf6 58. Ke3 Re6 59. Rxf7+ Kg8 60. Rb7 Ra6 61. Kd3 Ra3 62. Kc2 Ne2 63. Kb2 Rxh3 64. Rxb5 Nxd4 65. Rxd5 Rb3+ 66. Ka2 Rxb4 67. Nd3 Ra4+ 68. Kb2 h5 69. Kc3 Ne2+ 70. Kd2 Nxf4 71. Rxf5 Nxd3 72. Kxd3 Rh4 73. Ke3 Rh1 74. Kf2 h4 75. Kg2 Rb1 76. Rh5 h3+ 77. Rxh3 1/2-1/2